000 00478nam a2200181Ia 4500
008 230524s9999 xx 000 0 und d
020 _a9789382332183
082 _bPAN
100 _aMukesh Pandey
_942926
245 0 _aMechanical Engineering DATA Hand Book
250 _a1
260 _aNew Delhi
_bI.K.International
_c2015
300 _a"XXII,1115p;"
500 _aQuantity Number: 1
650 _aMechanics
700 _a"Pushpendra Sharma, etl."
_942927
942 _cBK
999 _c57891
_d57891